| 000 | 01302nam a2200289 a 4500 | ||
|---|---|---|---|
| 001 | 000002210 | ||
| 003 | DO-SdBNP | ||
| 005 | 20260305073949.0 | ||
| 008 | 090701s1986 dr a 000 0 spa | ||
| 040 |
_aDO-SdBNP _bspa _cBNPHU |
||
| 082 | 4 |
_a332.41097293 _bP962i _222 |
|
| 245 | 1 | 4 |
_aLos problemas de la inflación en la República Dominicana / _ceditor Frank Moya Pons. |
| 260 |
_aSanto Domingo : _bFORUM, _c1986. |
||
| 300 |
_a108 : _bil. ; _c22 cm. |
||
| 490 | 1 |
_aForum _vv. 20 |
|
| 500 | _a"Este libro recoge las exposiciones que fueron presentadas en el encuentro sobre los problemas de la inflación en la República Dominicana, celebrado por FORUM en el Hotel Santo Domingo Sur, el viernes 12 de abril de 1985" | ||
| 590 | _aInventariado, 2018/MFF | ||
| 650 | 0 |
_aInflación _zRepública Dominicana _xCongresos, conferencias, etc. _9201 |
|
| 650 | 4 |
_aImpuestos a los salarios _xCongresos, conferencias, etc. _97071 |
|
| 650 | 4 |
_aDeducciones salariales _xCongresos, conferencias, etc. _97072 |
|
| 650 | 4 |
_aRepública dominicana _xCondiciones económicas _xCongresos, conferencias, etc. _97073 |
|
| 700 | 1 | 2 |
_aMoya Pons, Frank, _d1944- _eed. _92095 |
| 710 | 2 |
_aFORUM (República Dominicana) _97074 |
|
| 830 | 0 |
_aForum ; _v20 _97075 |
|
| 910 | _aValidado. Control de calidad MFF | ||
| 942 |
_2ddc _cLBS1 |
||
| 999 |
_c2058 _d2058 |
||